00547nam a2200169 4500003001100000005001700011008004100028020001500069040003900084041000800123082001600131100002800147245010100175260004000276300002400316650003700340LK-CoMWRAF20231207124802.0231126b2002 |||||||| |||| 00| 0 eng d a9559151436 aLK-CoMWRAFdLK-CoMWRAFeLK-CoMWRAF aeng a348.04bHUS aHussain, M. S. Mohammed aHussain's complete digest of case law of Sri Lanka : 1820-2000, bVol-21 Table of cases digested aKandy : bArafa (Pvt.) Ltd., c2002 axxvi, 640 p.; 26 cm aLaw reports, digests, -Sri Lanka